Vzdelávanie zamestnancov verejnej správy

Význam vzdelávania zamestnancov verejnej správy. Cieľ koncepcie vzdelávania vo verejnej správe. Systémový prístup vo vzdelávaní. Identifikácia potreby vzdelávania. Plánovanie a príprava vzdelávania. Realizácia programov vzdelávania. Vyhodnotenie výsledkov vzdelávacieho procesu. Kvalifikačná príprava...

Descripción completa

Guardado en:
Detalles Bibliográficos
Autor principal: Hrašková, Dagmar
Formato: Capítulo de libro
Lenguaje:eslovaco
Materias:
Etiquetas: Agregar Etiqueta
Sin Etiquetas, Sea el primero en etiquetar este registro!

MARC

LEADER 00000naa$a2200000$$$4500
001 0069862
005 20231013071742.5
041 0 |a slo 
044 |a SK 
245 1 0 |a Vzdelávanie zamestnancov verejnej správy  |c Dagmar Hrašková 
520 |a Význam vzdelávania zamestnancov verejnej správy. Cieľ koncepcie vzdelávania vo verejnej správe. Systémový prístup vo vzdelávaní. Identifikácia potreby vzdelávania. Plánovanie a príprava vzdelávania. Realizácia programov vzdelávania. Vyhodnotenie výsledkov vzdelávacieho procesu. Kvalifikačná príprava a adaptácia zamestnancov. Aktuálne vzdelávacie programy vo verejnej správe. 
610 2 0 |a správa verejná 
610 2 0 |a vzdelávanie 
610 2 0 |a zamestnanci 
610 2 0 |a kvalifikácia 
610 2 0 |a kapitál ľudský 
100 1 |a Hrašková, Dagmar